|
|
|
แสดงรายละเอียดบรรณานุกรม |
|
|||
| ห้องสมุดโรงเรียนพะเยาพิทยาคม...ยินดีต้อนรับ...ทุกท่านเข้าสู่ระบบห้องสมุดอัตโนมัติ | ||||
|
Brief Record
: Get Marc (ISO 2709)
: E-mail record
: |
|
|
| LEADER 00000nam 2200000uu 4500 | |||
| 001 13399108335 | |||
| 003 ULIBM | |||
| 008 100928s2552||||th 000 0 tha d | |||
| 020 ^a9789740324713 | |||
| 082 0 ^aอ 495.9131^bช116พ | |||
| 110 1 ^aชัยรัตน์ วงศ์เกียรติ์ขจร | |||
| 245 00 ^aพจนานุกรมคำสัมผัส/^cโดยชัยรัตน์ วงศ์เกียรติ์ขจร | |||
| 260 ^aพิมพ์ครั้งที่ 1.^bกรุงเทพฯ:^cจุฬาลงกรณ์มหาวิทยาลัย;^d2552 | |||
| 300 ^a1058 หน้า:^bภาพประกอบ;^c26ซม. | |||
| 650 0 ^aคำสัมผัส--พจนานุกรม | |||
| 945 ^p730^l0^i36767 | |||
| 999 ^alib1 | |||
| คุณยังไม่ได้ล็อกอิน คุณสามารถมีกิจกรรมร่วมกับเว็บไซต์ได้ แต่ต้องล็อกอินก่อน :: |
|
| สถานะ | |||||||||
| 1. | หนังสืออ้างอิง | อ 495.9131 ช116พ 2552 Barcode: 36767 | ไม่พบชื่อสถานที่ อ | On Shelf | |||||
| 2. | หนังสืออ้างอิง | อ 495.9131 ช116พ 2552 c.2 Barcode: 25676 | ►หนังสืออ้างอิง | ถูกยืม กำหนดส่งวันที่ จอง | |||||
| [แสดง 2/2 รายการ] | |||||||||
หนังสือดีน่าอ่าน

“ดั่งดวงแก้ว ส่องสว่าง ทางสายงาม”
จัดทำขึ้นเพื่อเฉลิมพระเกียรติ สมเด็จพระเทพรัตนราชสุดา ฯ สยามบรมราชกุมารี
เนื่องในโอกาสมหามงคลเฉลิมพระชนมพรรษา ๕ รอบ ๒ เมษายน ๒๕๕๘
โดยหนังสือเล่มนี้ได้รวบรวม ๖๐ พระอัจฉริยภาพของสมเด็จพระเทพ ฯ
ผู้อ่านจะได้รับแรงบันดาลใจให้พากเพียรเรียนรู้และขยันอดทนทำการงาน
ตามรอยเบื้องพระยุคลบาท เพราะพระองค์ทรงเป็นแบบอย่างอันดีเยี่ยมในทุกด้าน
ทั้งในความใฝ่รู้ใฝ่เรียน คุณธรรมจริยธรรม พระวิริยอุตสาหะในการทรงงาน
และอื่นๆอีกมากมาย ล้วนสามารถสร้างแรงบันดาลใจให้แก่เด็กและเยาวชน
อีกทั้งประชาชนทั่วไป ให้พากเพียรเรียนรู้และขยันอดทนทำการงานตามรอยพระยุคลบาท
เพื่อฝึกฝนตนเองให้เป็นคนดีคนเก่งของครอบครัวและสังคมต่อไป

แสดงความเห็นเกี่ยวกับหนังสือเล่มนี้ |
| คอมเมนท์ทรัพยากรรายการนี้ |
|
ห้องสมุดเฉลิมพระเกียรติกาญจนาภิเษก โรงเรียนพะเยาพิทยาคม อำเภอเมือง จังหวัดพะเยา 56000
![]()
![]()
E-mail :
Library Phayaopittayakom
05-4431-275 ต่อ 4621